01024 2200337 4500001002100000005001500021035002000036007000300056008004100059020002200100040002200122082001700144084001900161090002300180090002100203100002200224245011000246250003200356300003800388650002000426700002700446700003500473700002400508850001200532041000800544264003900552336002100591337003000612338002300642990002100665INLIS00000000084818420190613103313 a0010-0619000139ta190613 2019 yoia g ind d a978-602-430-492-8 aYOPDYOGbinderda04223a899.2213 a899.2213 ARU w aDEP 899.2213 ARU w aCB-D.11 2019-5570 aArumi E.epenulis10aWe could be in love /cpenulis, Arumi E.; penyunting, Essa Putra, Dila Maretihaqsari; ilustrasi, Penelovy aCetakan Pertama, April 2019 a316 halaman :bilustrasi ;c21 cm 4aFiksi Indonesia0 aEssa Putraepenyunting0 aDila Maretihaqsariepenyunting0 aPenelovyeilustrasi aYOPDYOG0 aind31aYogyakarta :bBentang Belia,c2019 2rdacontentateks 2rdamediaatanpa perantara 2rdacarrieravolume aCB-D.11/2019-557